X-ray astronomy with the Einstein satellite : proceedings of the High Energy Astrophysics Division of the American Astronomical Society meeting on x-ray astronomy held at the Harvard/Smithsonian Center for Astrophysics, Cambridge, Massachusetts, U.S.A., January 28-30, 1980 /

Bibliographic Details
Corporate Author: American Astronomical Society. High Energy Astrophysics Division
Other Authors: Giacconi, Riccardo
Format: Book
Language:English
Published: Dordrecht, Holland ; Boston : D. Reidel Pub. Co. ; [1981]
Series:Astrophysics and space science library ; v. 87.
Subjects:

MARC

Tag First Indicator Second Indicator Subfields
LEADER 00000pam a2200000 a 4500
001 in00000086715
005 20151008062728.0
008 810507s1981 ne a b 10100 eng
010 |a  81007359  
020 |a 9027712611 
035 |a (OCoLC)07553986 
035 |9 AAK0815AM 
039 0 |a 2  |b 3  |c 3  |d 3  |e 3 
040 |a DLC  |c DLC  |d TXA  |d UtOrBLW 
049 |a TXAM  |c [1387729] 
050 0 0 |a QB472 A1  |b  X23 
082 0 |a 522/.686  |2 19 
245 0 0 |a X-ray astronomy with the Einstein satellite :  |b proceedings of the High Energy Astrophysics Division of the American Astronomical Society meeting on x-ray astronomy held at the Harvard/Smithsonian Center for Astrophysics, Cambridge, Massachusetts, U.S.A., January 28-30, 1980 /  |c edited by Riccardo Giacconi. 
264 1 |a Dordrecht, Holland ;  |a Boston :  |b D. Reidel Pub. Co. ;  |c [1981] 
264 2 |a  Hingham, Mass. :  |b Sold and distributed in the U.S.A. and Canada by Kluwer Boston, 
264 4 |c ©1981 
300 |a viii, 330 pages :  |b illustrations ;  |c 26 cm. 
336 |a text  |b txt  |2 rdacontent 
337 |a unmediated  |b n  |2 rdamedia 
338 |a volume  |b nc  |2 rdacarrier 
490 1 |a Astrophysics and space science library. Proceedings ;  |v v. 87 
504 |a Includes bibliographies and index. 
650 0 |a X-ray astronomy  |v Congresses. 
700 1 |a Giacconi, Riccardo. 
710 2 |a American Astronomical Society.  |b High Energy Astrophysics Division. 
830 0 |a Astrophysics and space science library ;  |v v. 87. 
999 |a MARS 
999 f f |s d65c675d-718e-391b-ad2a-c8d4d515185e  |i 1dc784ff-8c18-3c9a-9a9a-363a46690967  |t 0 
952 f f |p ric  |a Texas A&M University  |b Rellis Campus  |c Joint Library Facility  |d Remote Storage  |t 0  |e QB472 A1 X23  |h Library of Congress classification  |i unmediated -- volume  |m A14805958310 
998 f f |a QB472 A1 X23  |t 0  |l Remote Storage